[Event "Jack Woodbury mem."]
[Site "Winnipeg CAN"]
[Date "2018.11.20"]
[Round "2.13"]
[White "Czarny, Keith"]
[Black "Gannon, Keith"]
[Result "1-0"]
[WhiteElo "1660"]
[BlackElo "1514"]
[PlyCount "103"]
[EventDate "2018.11.06"]
[EventType "swiss"]
[EventRounds "7"]
[EventCountry "CAN"]

1. Nf3 Nf6 2. c4 d6 3. g3 g6 4. Bg2 Bg7 5. O-O O-O 6. d4 c6 7. Nc3 Nbd7 8. Bd2
a5 9. Qc1 Re8 10. d5 Nf8 11. dxc6 bxc6 12. Rd1 Bb7 13. Bg5 Ne6 14. Bxf6 Bxf6
15. Rb1 Rb8 16. Qc2 Qc7 17. Ne1 Nd4 18. Qd2 e5 19. Ne4 Bg7 20. e3 Nf5 21. h3 d5
22. cxd5 cxd5 23. Rbc1 Qb6 24. Nc5 Re7 25. Nxb7 Rexb7 26. b3 Ne7 27. Bxd5 Nxd5
28. Qxd5 Rc7 29. Nf3 Rxc1 30. Rxc1 Rd8 31. Qc4 h5 32. Ng5 Qf6 33. h4 Bh6 34.
Ne4 Qf3 35. Rf1 Rd1 36. Rxd1 Qxd1+ 37. Kg2 Kg7 38. Qc6 Qg4 39. Qf6+ Kg8 40. Nd6
Qe6 41. Qxe6 fxe6 42. Nc4 g5 43. hxg5 Bxg5 44. Nxa5 h4 45. Nc6 hxg3 46. Kxg3 e4
47. a4 Kf7 48. a5 Ke8 49. a6 Kd7 50. a7 Kxc6 51. a8=Q+ Kd6 52. Qxe4 1-0

[Event "Jack Woodbury mem."]
[Site "Winnipeg CAN"]
[Date "2018.11.13"]
[Round "2.13"]
[White "Myrzaibraimova, Aibike"]
[Black "Czarny, Keith"]
[Result "1-0"]
[WhiteElo "1419"]
[BlackElo "1660"]
[PlyCount "45"]
[EventDate "2018.11.06"]
[EventType "swiss"]
[EventRounds "7"]
[EventCountry "CAN"]

1. e4 b6 2. Nf3 Bb7 3. Nc3 e6 4. d4 Bb4 5. Bd3 Ne7 6. a3 Bxc3+ 7. bxc3 O-O 8.
O-O Ng6 9. e5 d6 10. Re1 Nd7 11. Bxg6 fxg6 12. Ng5 Qe7 13. exd6 Qxd6 14. Rxe6
Qd5 15. Qg4 Nf6 16. Qh3 h5 17. Re5 Qc6 18. Re6 Qd7 19. Rxf6 gxf6 20. Qxd7 fxg5
21. Bxg5 Bc8 22. Qd5+ Kh7 23. Qxa8 1-0

[Event "Jack Woodbury mem."]
[Site "Winnipeg CAN"]
[Date "2018.11.13"]
[Round "2.14"]
[White "Gregoryanz, Philipp"]
[Black "Trueman, Francis"]
[Result "1-0"]
[WhiteElo "1594"]
[BlackElo "1381"]
[PlyCount "93"]
[EventDate "2018.11.06"]
[EventType "swiss"]
[EventRounds "7"]
[EventCountry "CAN"]

1. e4 d6 2. d4 Nf6 3. Nc3 g6 4. Nf3 Bg7 5. Bc4 O-O 6. Ng5 c6 7. Be3 a5 8. d5
Nbd7 9. dxc6 bxc6 10. Qf3 Rb8 11. Bb3 Ba6 12. O-O-O Ne5 13. Qh3 h5 14. f4 Nc4
15. e5 Nxe3 16. Qxe3 Ng4 17. Qf3 Qb6 18. exd6 e6 19. Nxe6 fxe6 20. Bxe6+ Kh8
21. Bb3 Qe3+ 22. Qxe3 Nxe3 23. Rd2 Rxf4 24. d7 Rd8 25. Re1 Rf1 26. Rxf1 Nxf1
27. Rd1 Bh6+ 28. Kb1 Nd2+ 29. Ka1 Rxd7 30. Re1 Nxb3+ 31. axb3 Kh7 32. h3 Bg7
33. g4 Bxc3 34. bxc3 hxg4 35. hxg4 Kh6 36. Re5 Rd5 37. Re6 Rc5 38. Kb2 Bc8 39.
Re4 Kg5 40. b4 axb4 41. cxb4 Rd5 42. c4 Rd2+ 43. Kc3 Rg2 44. b5 cxb5 45. cxb5
Bxg4 46. b6 Re2 47. Rxe2 1-0

[Event "Jack Woodbury mem."]
[Site "Winnipeg CAN"]
[Date "2018.11.20"]
[Round "3.1"]
[White "Boron, Anthony"]
[Black "Wiebe, Isaac"]
[Result "0-1"]
[WhiteElo "2016"]
[BlackElo "2303"]
[PlyCount "66"]
[EventDate "2018.11.06"]
[EventType "swiss"]
[EventRounds "7"]
[EventCountry "CAN"]

1. d4 d5 2. Bf4 Nf6 3. e3 c5 4. c3 Nc6 5. Nd2 Bf5 6. Qb3 Qd7 7. dxc5 e5 8. Bg3
Bxc5 9. Ngf3 Bd6 10. Bb5 Qe7 11. O-O O-O 12. Rac1 a6 13. Be2 b5 14. a4 Na5 15.
Qd1 Nc4 16. axb5 axb5 17. Nh4 Be6 18. Nxc4 bxc4 19. Nf3 Bf5 20. Bh4 Rfd8 21.
Ra1 Rab8 22. Ra2 Qe6 23. Bg3 h6 24. Nh4 Bh7 25. h3 Ne4 26. Bh2 Nc5 27. f4 exf4
28. Bxf4 Bxf4 29. exf4 Qe3+ 30. Kh2 Re8 31. Bg4 Nd3 32. Rf3 Qe1 33. Rf1 Qxh4
0-1

[Event "Jack Woodbury mem."]
[Site "Winnipeg CAN"]
[Date "2018.11.20"]
[Round "3.2"]
[White "Baron, Gustav"]
[Black "Wolchock, Theo"]
[Result "1-0"]
[WhiteElo "2254"]
[BlackElo "2172"]
[PlyCount "143"]
[EventDate "2018.11.06"]
[EventType "swiss"]
[EventRounds "7"]
[EventCountry "CAN"]

1. d4 Nf6 2. Nf3 c5 3. c3 e6 4. Bg5 Be7 5. e3 b6 6. Nbd2 Bb7 7. Bd3 h6 8. Bh4
d6 9. O-O O-O 10. h3 Nbd7 11. Bg3 Qc7 12. Re1 Bc6 13. e4 Qb7 14. Qe2 Rfe8 15.
b4 cxb4 16. cxb4 Nf8 17. Rac1 Red8 18. Rc3 b5 19. Nb3 Bd7 20. Rec1 Rac8 21. a3
a6 22. e5 Rxc3 23. Rxc3 Nd5 24. Rc2 dxe5 25. Nxe5 Rc8 26. Nc5 Bxc5 27. dxc5 Bc6
28. Ng4 Nd7 29. f3 N7f6 30. Be5 Nxg4 31. hxg4 Qe7 32. Be4 Qg5 33. Rd2 Kf8 34.
Bd6+ Kg8 35. Qd3 Qh4 36. g3 Qf6 37. Qd4 Qg5 38. Kf2 Qd8 39. Be5 Qg5 40. Bc2 Rd8
41. Bd6 Qf6 42. f4 Qxd4+ 43. Rxd4 g6 44. Be4 Kg7 45. Bf3 Re8 46. Be5+ f6 47.
Bd6 Kf7 48. Rd3 Ra8 49. f5 gxf5 50. gxf5 a5 51. Bh5+ Kg7 52. fxe6 axb4 53. axb4
Ra2+ 54. Ke1 Nxb4 55. Rd2 Ra1+ 56. Rd1 Ra8 57. e7 Be8 58. Bf3 Ra3 59. Be2 Re3
60. Kf2 Ra3 61. c6 Bxc6 62. Bxb4 Rb3 63. Ba5 Rc3 64. Bb6 Ra3 65. Rd8 Kf7 66.
Bc5 Rc3 67. Rf8+ Ke6 68. e8=Q+ Bxe8 69. Rxe8+ Kd7 70. Re7+ Kd8 71. Bb4 Rb3 72.
Re4 1-0

[Event "Jack Woodbury mem."]
[Site "Winnipeg CAN"]
[Date "2018.11.20"]
[Round "3.3"]
[White "Cleto, Sam"]
[Black "Proulx, Roy"]
[Result "0-1"]
[WhiteElo "1965"]
[BlackElo "1616"]
[PlyCount "68"]
[EventDate "2018.11.06"]
[EventType "swiss"]
[EventRounds "7"]
[EventCountry "CAN"]

1. Nf3 d5 2. e3 Nf6 3. d4 e6 4. c4 b6 5. Nc3 Be7 6. Bd3 Bb7 7. cxd5 exd5 8. O-O
O-O 9. Ne5 Nbd7 10. f4 Ne4 11. a3 f5 12. Qh5 Nxe5 13. fxe5 g6 14. Qe2 c5 15.
Bd2 Bg5 16. Rad1 Nxd2 17. Rf2 Ne4 18. Nxe4 fxe4 19. Bc2 Qe7 20. Re1 Rxf2 21.
Qxf2 Ba6 22. Bb3 Qe6 23. Qg3 c4 24. Bd1 Bh6 25. Bg4 Qe7 26. Qh3 Kg7 27. Be6 Bb7
28. Bd7 Rf8 29. e6 Qf6 30. Qg3 Bg5 31. Qe5 Qxe5 32. dxe5 Bc8 33. g3 Rd8 34. h4
Bxd7 0-1

[Event "Jack Woodbury mem."]
[Site "Winnipeg CAN"]
[Date "2018.11.20"]
[Round "3.4"]
[White "Prince, Colin"]
[Black "Furda, Ievgeniia-Diana"]
[Result "1-0"]
[WhiteElo "1878"]
[BlackElo "1554"]
[PlyCount "45"]
[EventDate "2018.11.06"]
[EventType "swiss"]
[EventRounds "7"]
[EventCountry "CAN"]

1. e4 e5 2. Nf3 Nc6 3. Bc4 Nf6 4. d4 exd4 5. O-O Be7 6. Nxd4 O-O 7. Nc3 d6 8.
h3 Ne5 9. Bb3 h6 10. Be3 Ned7 11. f4 Re8 12. Qf3 c5 13. Nf5 Bf8 14. Qg3 g6 15.
Qxg6+ Kh8 16. Bxf7 Re7 17. Nxd6 Bg7 18. e5 Nf8 19. Qg3 Ne8 20. Bxe8 Rxe8 21.
Nf7+ Kh7 22. Nxd8 Rxd8 23. f5 1-0

[Event "Jack Woodbury mem."]
[Site "Winnipeg CAN"]
[Date "2018.11.20"]
[Round "3.5"]
[White "Babb, Jeff"]
[Black "Gregoryanz, Philipp"]
[Result "1-0"]
[WhiteElo "2165"]
[BlackElo "1594"]
[PlyCount "71"]
[EventDate "2018.11.06"]
[EventType "swiss"]
[EventRounds "7"]
[EventCountry "CAN"]

1. e4 e5 2. Nc3 Nf6 3. f4 Nc6 4. fxe5 Nxe5 5. d4 Ng6 6. e5 Ng8 7. Nf3 d5 8. Be2
Bb4 9. O-O Bg4 10. Ng5 Be6 11. Nxe6 fxe6 12. Bh5 Qe7 13. Qg4 Nh6 14. Bxh6 gxh6
15. Bxg6+ hxg6 16. Qxg6+ Kd8 17. Rf6 Re8 18. Ne2 Rf8 19. c3 Ba5 20. Rxf8+ Qxf8
21. Qxe6 c6 22. Rf1 Qe7 23. Qg8+ Qe8 24. Rf8 Kd7 25. Rxe8 Rxe8 26. Qg7+ Kc8 27.
Qxh6 c5 28. dxc5 Bd8 29. e6 Be7 30. b4 a5 31. a3 Rf8 32. Qg7 Kd8 33. Nd4 axb4
34. axb4 Ke8 35. g3 Bf6 36. Qd7# 1-0

[Event "Jack Woodbury mem."]
[Site "Winnipeg CAN"]
[Date "2018.11.20"]
[Round "3.6"]
[White "Flynn, Darren"]
[Black "Pramanik, Projjwal"]
[Result "0-1"]
[WhiteElo "1326"]
[BlackElo "2123"]
[PlyCount "54"]
[EventDate "2018.11.06"]
[EventType "swiss"]
[EventRounds "7"]
[EventCountry "CAN"]

1. e4 Nf6 2. e5 Nd5 3. Nf3 d6 4. exd6 cxd6 5. Bb5+ Nc6 6. O-O g6 7. Nc3 Nxc3 8.
dxc3 Bg7 9. Nd4 Bd7 10. Re1 O-O 11. Nxc6 bxc6 12. Bd3 d5 13. h3 e5 14. Be3 Qc7
15. Qd2 Rab8 16. b3 Qa5 17. c4 Qxd2 18. Bxd2 e4 19. Be2 Bxa1 20. Rxa1 Be6 21.
Be3 dxc4 22. Bxa7 Ra8 23. Bc5 cxb3 24. Bxf8 b2 25. Rb1 Rxa2 26. Bf1 Kxf8 27. c3
Bb3 0-1

[Event "Jack Woodbury mem."]
[Site "Winnipeg CAN"]
[Date "2018.11.20"]
[Round "3.8"]
[White "Abioye, Yemi"]
[Black "Myrzaibraimova, Aibike"]
[Result "1-0"]
[WhiteElo "1886"]
[BlackElo "1419"]
[PlyCount "84"]
[EventDate "2018.11.06"]
[EventType "swiss"]
[EventRounds "7"]
[EventCountry "CAN"]

1. e4 e5 2. Nf3 Nc6 3. Bb5 a6 4. Ba4 d6 5. O-O Nf6 6. d3 Be7 7. c3 Bg4 8. Qe2
O-O 9. Nbd2 Re8 10. Re1 b5 11. Bc2 b4 12. Ba4 Bd7 13. Bxc6 Bxc6 14. cxb4 Rb8
15. a3 Bb5 16. Nc4 Nd7 17. Qc2 Nb6 18. Be3 d5 19. exd5 Qxd5 20. Nfxe5 f6 21.
Nxb6 cxb6 22. Nc4 Bc6 23. f3 b5 24. Na5 Bd7 25. Qb3 Qxb3 26. Nxb3 Bd6 27. Nc5
Bc8 28. Kf2 Bxc5 29. bxc5 Bf5 30. d4 Re6 31. d5 Ree8 32. Bf4 Rxe1 33. Rxe1 Rd8
34. Rd1 Be6 35. Bd6 Bd7 36. c6 Bc8 37. Bc7 Re8 38. d6 Re6 39. d7 Bxd7 40. cxd7
Kf7 41. d8=N+ Ke7 42. Nxe6 Kxe6 1-0

[Event "Jack Woodbury mem."]
[Site "Winnipeg CAN"]
[Date "2018.11.20"]
[Round "3.10"]
[White "Atem, James"]
[Black "Crawford, Gary"]
[Result "1-0"]
[WhiteElo "1760"]
[BlackElo "1495"]
[PlyCount "72"]
[EventDate "2018.11.06"]
[EventType "swiss"]
[EventRounds "7"]
[EventCountry "CAN"]

1. e4 e5 2. Nc3 a6 3. Nf3 Nc6 4. a3 Bc5 5. Bc4 Nf6 6. O-O O-O 7. d3 h6 8. Nd5
Re8 9. b4 Ba7 10. Be3 d6 11. Bxa7 Nxa7 12. Ne3 Be6 13. Bxe6 Rxe6 14. Nf5 d5 15.
Qe2 d4 16. Nd2 Nb5 17. Nb3 Nc3 18. Qf3 b6 19. Rfe1 Qf8 20. Nc1 a5 21. Nb3 axb4
22. axb4 Rxa1 23. Rxa1 Qxb4 24. g4 Nxg4 25. h3 Nf6 26. Kh2 Nh7 27. h4 Rg6 28.
Ra8+ Nf8 29. Nd2 Kh7 30. Nf1 Ne6 31. N1g3 Nf4 32. Re8 f6 33. Ne7 Qa4 34. Rd8
Ne6 35. Qf5 Nxd8 36. Qxg6+ Kh8 1-0

[Event "Jack Woodbury mem."]
[Site "Winnipeg CAN"]
[Date "2018.11.20"]
[Round "3.11"]
[White "Magyar, Peter"]
[Black "Myrzaibraimov, Azamat"]
[Result "0-1"]
[WhiteElo "1480"]
[BlackElo "1440"]
[PlyCount "100"]
[EventDate "2018.11.06"]
[EventType "swiss"]
[EventRounds "7"]
[EventCountry "CAN"]

1. d4 d5 2. Bf4 c6 3. e3 Nf6 4. Be2 h6 5. h3 Bf5 6. Nf3 Qa5+ 7. c3 e6 8. O-O
Nbd7 9. Nbd2 Qd8 10. a3 b6 11. Ba6 b5 12. Bb7 Rb8 13. Bxb8 Nxb8 14. Ne5 Qc7 15.
Bxc6+ Nxc6 16. Ndf3 Nxe5 17. Nxe5 Bd6 18. Nf3 O-O 19. a4 b4 20. cxb4 Bxb4 21.
Qb3 Qd6 22. Rfc1 Nd7 23. a5 Rb8 24. Qa4 Qe7 25. Rc7 Qf6 26. Qxd7 e5 27. Rb7
Bxd7 28. Rxb8+ Bf8 29. Rb7 e4 30. Ne5 Be6 31. Rxa7 Bd6 32. Nc6 Qg5 33. Ra8+ Kh7
34. Ne5 f6 35. a6 fxe5 36. Kf1 exd4 37. a7 dxe3 38. Rh8+ Kxh8 39. a8=Q+ Kh7 40.
Qa6 Qf4 41. Qe2 exf2 42. Rd1 e3 43. Qc2+ Kh8 44. Ke2 Bc5 45. Qa4 Qd6 46. Ra1
Qf8 47. Kf1 d4 48. Ke2 Bg8 49. Rc1 Bh7 50. Kf1 d3 0-1

[Event "Jack Woodbury mem."]
[Site "Winnipeg CAN"]
[Date "2018.11.20"]
[Round "3.12"]
[White "Klokow, John"]
[Black "Letain, Cory"]
[Result "0-1"]
[WhiteElo "1748"]
[BlackElo "1691"]
[PlyCount "56"]
[EventDate "2018.11.06"]
[EventType "swiss"]
[EventRounds "7"]
[EventCountry "CAN"]

1. e4 e5 2. Nf3 Nf6 3. Nc3 Bb4 4. Nxe5 Bxc3 5. dxc3 d6 6. Nd3 Nxe4 7. Be2 O-O
8. Nf4 Nc6 9. O-O Re8 10. Be3 Qh4 11. Nd5 Qd8 12. Bd3 Re5 13. c4 Nf6 14. Bf4
Re8 15. Bg5 Ne5 16. h3 Nxd3 17. Qxd3 c6 18. Nxf6+ gxf6 19. Bh6 Kh8 20. Rad1 Rg8
21. Kh2 Rg6 22. Bf4 Qa5 23. Qxd6 Be6 24. Bd2 Qxa2 25. Bc3 Qxc4 26. Rfe1 Qh4 27.
Qd4 Rxg2+ 28. Kxg2 Qxh3+ 0-1

[Event "Jack Woodbury mem."]
[Site "Winnipeg CAN"]
[Date "2018.11.20"]
[Round "3.14"]
[White "Trueman, Francis"]
[Black "Ott, Richard"]
[Result "1/2-1/2"]
[WhiteElo "1381"]
[BlackElo "1520"]
[PlyCount "96"]
[EventDate "2018.11.06"]
[EventType "swiss"]
[EventRounds "7"]
[EventCountry "CAN"]

1. Nf3 d5 2. d3 Nf6 3. Nbd2 Nc6 4. g3 e5 5. e4 Be6 6. Bg2 Qd7 7. O-O Be7 8. Re1
d4 9. a4 O-O 10. Nf1 h6 11. Qe2 Bg4 12. h4 Rab8 13. Bd2 Rfc8 14. a5 Qe6 15.
Rab1 Nb4 16. c4 dxc3 17. Bxc3 Nd7 18. N1h2 Bxf3 19. Nxf3 c5 20. Nh2 Qa6 21.
Red1 Na2 22. Bh3 Nxc3 23. bxc3 Rd8 24. c4 Nf8 25. h5 Qxa5 26. Ra1 Qb6 27. Rdb1
Qd6 28. Bf1 a6 29. Qb2 Ne6 30. Nf3 Nd4 31. Nxd4 exd4 32. Qe2 f6 33. Re1 Rf8 34.
Bh3 Rbe8 35. Bf5 Bd8 36. Qg4 g5 37. hxg6 Kg7 38. Qf3 b5 39. cxb5 axb5 40. Kg2
Qb6 41. Rh1 c4 42. Qh5 Rh8 43. Ra8 c3 44. Ra2 b4 45. Bd7 Re5 46. Qd1 Qb7 47.
Qa1 Bb6 48. Ba4 f5 1/2-1/2

[Event "Jack Woodbury mem."]
[Site "Winnipeg CAN"]
[Date "2018.11.27"]
[Round "4.1"]
[White "Proulx, Roy"]
[Black "Baron, Gustav"]
[Result "0-1"]
[WhiteElo "1616"]
[BlackElo "2254"]
[PlyCount "52"]
[EventDate "2018.11.06"]
[EventType "swiss"]
[EventRounds "7"]
[EventCountry "CAN"]

1. e4 c6 2. d4 d5 3. exd5 cxd5 4. Nf3 Nc6 5. Be2 Nf6 6. O-O Bg4 7. c4 e6 8. Nc3
Be7 9. cxd5 Nxd5 10. Nxd5 Qxd5 11. Be3 O-O 12. h3 Bh5 13. a3 Bf6 14. Rc1 Rfd8
15. Rc5 Qxc5 16. dxc5 Rxd1 17. Rxd1 Bxb2 18. Rb1 Bxa3 19. Rb3 Bb4 20. g4 Bg6
21. Nh4 Be4 22. f3 Bd5 23. Rb1 a5 24. Kf2 h6 25. f4 Be4 26. f5 Bxb1 0-1

[Event "Jack Woodbury mem."]
[Site "Winnipeg CAN"]
[Date "2018.11.27"]
[Round "4.2"]
[White "Wiebe, Isaac"]
[Black "Prince, Colin"]
[Result "1-0"]
[WhiteElo "2303"]
[BlackElo "1878"]
[PlyCount "41"]
[EventDate "2018.11.06"]
[EventType "swiss"]
[EventRounds "7"]
[EventCountry "CAN"]

1. e4 c5 2. Nf3 Nc6 3. d4 cxd4 4. Nxd4 Nf6 5. Nc3 g6 6. Bc4 d6 7. Nxc6 bxc6 8.
e5 Nd7 9. exd6 exd6 10. O-O Be7 11. Bh6 Ne5 12. Bg7 Nxc4 13. Bxh8 f6 14. Bg7
Kf7 15. Bh6 g5 16. Qd3 Ne5 17. Qxh7+ Ke6 18. f4 gxf4 19. Bxf4 Ba6 20. Bxe5 Bxf1
21. Bd4 1-0

[Event "Jack Woodbury mem."]
[Site "Winnipeg CAN"]
[Date "2018.11.27"]
[Round "4.4"]
[White "Bince, Rolando"]
[Black "Babb, Jeff"]
[Result "1/2-1/2"]
[WhiteElo "1846"]
[BlackElo "2165"]
[PlyCount "161"]
[EventDate "2018.11.06"]
[EventType "swiss"]
[EventRounds "7"]
[EventCountry "CAN"]

1. e4 d6 2. d4 Nf6 3. Nc3 g6 4. Bg5 c6 5. Qd2 b5 6. Bxf6 exf6 7. d5 b4 8. Nd1
c5 9. Ne3 Nd7 10. Bb5 Bh6 11. Qe2 O-O 12. Bxd7 Bxd7 13. Nf3 Re8 14. Nd2 f5 15.
O-O fxe4 16. Ndc4 Bb5 17. a4 Ba6 18. g3 Bg7 19. Rab1 Qd7 20. b3 Rad8 21. Rfe1
Qh3 22. Qf1 Qxf1+ 23. Rxf1 Bd4 24. Rfe1 Kg7 25. g4 Bc8 26. h3 f5 27. gxf5 gxf5
28. Ng2 Kf6 29. Nce3 Rg8 30. Kh1 Ke5 31. f4+ Kf6 32. Kh2 Rg7 33. Rbd1 Rdg8 34.
Re2 Ba6 35. Ree1 Bc3 36. Nh4 Bxe1 37. Rxe1 Bc8 38. Nc4 Ke7 39. Ne3 Rf7 40. Neg2
Kd8 41. Ne3 Kc7 42. Nc4 Rf6 43. Ne3 Rgf8 44. Rg1 R8f7 45. Rg8 Bd7 46. Kg3 Rf8
47. Rg7 R6f7 48. Rg5 h6 49. Rg6 Rf6 50. Rg7 Kd8 51. Ng6 R6f7 52. Rxf7 Rxf7 53.
Kf2 Rf6 54. Nh4 Bc8 55. Ke2 Ke7 56. Kf2 Rf7 57. Nc4 Rg7 58. Ne3 Kf6 59. Nf1 Rc7
60. Ne3 Rf7 61. Nc4 Ke7 62. Ne3 Kd8 63. Kg3 Rf6 64. Kf2 Kc7 65. Kg3 Bb7 66. Kf2
Rf8 67. Kg3 Bc8 68. Kf2 Rf6 69. Nhg2 Kd8 70. Nh4 Ke7 71. Kg3 Rf7 72. Nhg2 Kf6
73. Nh4 Rf8 74. Kf2 Rg8 75. Nc4 Rd8 76. Ne3 Bb7 77. Kg2 Rg8+ 78. Kf2 Rf8 79.
Kg2 Rg8+ 80. Kf2 Rg7 81. Nhg2 1/2-1/2

[Event "Jack Woodbury mem."]
[Site "Winnipeg CAN"]
[Date "2018.11.27"]
[Round "4.5"]
[White "Pramanik, Projjwal"]
[Black "Abioye, Yemi"]
[Result "0-1"]
[WhiteElo "2123"]
[BlackElo "1886"]
[PlyCount "94"]
[EventDate "2018.11.06"]
[EventType "swiss"]
[EventRounds "7"]
[EventCountry "CAN"]

1. b3 Nf6 2. Bb2 d5 3. e3 Bf5 4. Nf3 Nbd7 5. Be2 c6 6. d3 e6 7. Nbd2 Bd6 8. Nh4
Bg6 9. g3 O-O 10. O-O h6 11. Nxg6 fxg6 12. Bf3 e5 13. c4 Qe7 14. Qc2 Rac8 15.
Rad1 b5 16. Qb1 Nb6 17. Rc1 Bb4 18. Qc2 Qe6 19. Nb1 Nfd7 20. Qe2 Qf7 21. Bg4
bxc4 22. dxc4 h5 23. Bh3 e4 24. Bd4 Qe7 25. c5 Bxc5 26. Bxc5 Nxc5 27. Bxc8 Nxc8
28. b4 Nd3 29. Rxc6 Ne5 30. Rc5 Qe6 31. Kg2 Nd3 32. Ra5 Nb6 33. Nd2 Nc4 34.
Nxc4 dxc4 35. Qc2 Rxf2+ 36. Rxf2 Ne1+ 37. Kg1 Nxc2 38. Rxc2 Qd6 39. Re2 a6 40.
Rc5 Qd3 41. Kf2 c3 42. a4 Kf7 43. b5 Ke7 44. b6 Qd6 45. Rc7+ Kd8 46. a5 g5 47.
Rxc3 Qf6+ 0-1

[Event "Jack Woodbury mem."]
[Site "Winnipeg CAN"]
[Date "2018.11.27"]
[Round "4.7"]
[White "Furda, Ievgeniia-Diana"]
[Black "Cleto, Sam"]
[Result "0-1"]
[WhiteElo "1554"]
[BlackElo "1965"]
[PlyCount "54"]
[EventDate "2018.11.06"]
[EventType "swiss"]
[EventRounds "7"]
[EventCountry "CAN"]

1. e4 c5 2. Nf3 d6 3. d4 cxd4 4. Nxd4 Nf6 5. Nc3 a6 6. Be3 e6 7. Be2 Be7 8. Qd2
Nc6 9. f4 Qc7 10. Bf3 Bd7 11. a3 O-O 12. O-O-O Rac8 13. g4 Na5 14. g5 Ne8 15.
Qe2 Nc4 16. Bd2 Qb6 17. Nb3 Bb5 18. Nxb5 Qxb5 19. Kb1 Nc7 20. Bg4 d5 21. f5 Qa4
22. fxe6 Nb5 23. exf7+ Kh8 24. Bxc8 Rxc8 25. Bc1 Ncxa3+ 26. bxa3 Nc3+ 27. Kb2
Qxa3# 0-1

[Event "Jack Woodbury mem."]
[Site "Winnipeg CAN"]
[Date "2018.11.27"]
[Round "4.8"]
[White "Letain, Cory"]
[Black "Piche, Zachary"]
[Result "1-0"]
[WhiteElo "1691"]
[BlackElo "1550"]
[PlyCount "97"]
[EventDate "2018.11.06"]
[EventType "swiss"]
[EventRounds "7"]
[EventCountry "CAN"]

1. e4 c5 2. Nf3 d6 3. d4 cxd4 4. Nxd4 Nf6 5. Nc3 a6 6. f3 e5 7. Nb3 Be6 8. Be3
Be7 9. Qd2 Nbd7 10. O-O-O b5 11. g4 Nb6 12. g5 Nfd7 13. h4 Rc8 14. Kb1 b4 15.
Nd5 Bxd5 16. exd5 a5 17. Bb5 a4 18. Bxb6 Qxb6 19. Qxb4 Rb8 20. Bxd7+ Kxd7 21.
Qxb6 Rxb6 22. Na5 a3 23. b3 h6 24. Nc6 hxg5 25. Nxe7 Kxe7 26. hxg5 Rbb8 27. c4
f6 28. g6 f5 29. Rh7 Kf6 30. Rdh1 Rxh7 31. gxh7 Rh8 32. Kc2 e4 33. fxe4 fxe4
34. Kc3 g5 35. Kd4 Kf5 36. b4 g4 37. c5 dxc5+ 38. bxc5 g3 39. d6 Kf4 40. Rf1+
Kg4 41. Kxe4 g2 42. Rf7 Kh3 43. Rg7 Kh2 44. d7 g1=Q 45. Rxg1 Kxg1 46. c6 Kf1
47. c7 Ke2 48. d8=Q Rxh7 49. c8=Q 1-0

[Event "Jack Woodbury mem."]
[Site "Winnipeg CAN"]
[Date "2018.11.27"]
[Round "4.9"]
[White "Myrzaibraimov, Azamat"]
[Black "Remillard, John"]
[Result "1-0"]
[WhiteElo "1440"]
[BlackElo "1617"]
[PlyCount "134"]
[EventDate "2018.11.06"]
[EventType "swiss"]
[EventRounds "7"]
[EventCountry "CAN"]

1. e4 c5 2. c3 Nc6 3. g3 b6 4. Bg2 Bb7 5. Ne2 e5 6. O-O Nf6 7. d4 cxd4 8. cxd4
exd4 9. Nxd4 Na5 10. Bg5 h6 11. Bd2 Nc4 12. Bc3 Be7 13. Qd3 Rc8 14. Re1 O-O 15.
b3 Ne5 16. Qd1 Re8 17. Nf5 Bf8 18. Bb2 Ba6 19. Ba3 Nd3 20. Re3 Nb4 21. Bxb4
Bxb4 22. Nd2 g6 23. Nd4 Bc3 24. N4f3 Bxa1 25. Qxa1 Qe7 26. e5 Nd5 27. Re1 Nb4
28. Re4 Nd3 29. Nc4 Bxc4 30. bxc4 d6 31. Rh4 h5 32. Rd4 dxe5 33. Rxd3 Rxc4 34.
Re3 f6 35. Nh4 Kg7 36. Qb1 Qf7 37. Bd5 Rc1+ 38. Qxc1 Qxd5 39. Rc3 Rd8 40. Rc7+
Rd7 41. a4 Qd6 42. Rc6 Qd1+ 43. Qxd1 Rxd1+ 44. Kg2 Rd7 45. Nf3 g5 46. Ne1 Kg6
47. Nc2 Kf5 48. Ne3+ Kg6 49. Nc4 Re7 50. h3 e4 51. Ne3 Rb7 52. Nd5 Rf7 53. Kf1
Kf5 54. Ke2 Ke5 55. Nc3 Rb7 56. Rc8 h4 57. Re8+ Kd4 58. Nxe4 hxg3 59. fxg3 b5
60. Nd6 Rb6 61. a5 Rxd6 62. Kd2 Kc4+ 63. Kc2 Kb4 64. h4 gxh4 65. gxh4 f5 66.
Re7 a6 67. Re3 Rf6 1-0

[Event "Jack Woodbury mem."]
[Site "Winnipeg CAN"]
[Date "2018.11.27"]
[Round "4.10"]
[White "Flynn, Darren"]
[Black "Czarny, Keith"]
[Result "0-1"]
[WhiteElo "1326"]
[BlackElo "1660"]
[PlyCount "100"]
[EventDate "2018.11.06"]
[EventType "swiss"]
[EventRounds "7"]
[EventCountry "CAN"]

1. e4 b6 2. d4 Bb7 3. Nc3 e6 4. d5 Be7 5. Nf3 Nf6 6. dxe6 dxe6 7. Bg5 Qxd1+ 8.
Rxd1 h6 9. Bh4 Ba6 10. Bxa6 Nxa6 11. O-O Rd8 12. e5 Nd5 13. Bxe7 Nxe7 14. Rxd8+
Kxd8 15. Rd1+ Kc8 16. a3 Rd8 17. Rxd8+ Kxd8 18. b4 Nb8 19. Ne4 Ng6 20. Kf1 Nc6
21. c4 Ncxe5 22. Nxe5 Nxe5 23. c5 Nc4 24. cxb6 axb6 25. a4 c6 26. Ke2 Kc7 27.
Nd2 Nb2 28. a5 bxa5 29. bxa5 Na4 30. Nb3 Nc3+ 31. Kd3 Nd5 32. Nc5 Kb8 33. Kc4
Nc7 34. Kb4 Ka7 35. Nd7 f6 36. f4 Nd5+ 37. Kc5 Nxf4 38. Kxc6 e5 39. g3 Nd3 40.
Nc5 Nxc5 41. Kxc5 Ka6 42. Kd5 Kxa5 43. Ke4 g6 44. g4 Kb6 45. h4 Kc6 46. g5 hxg5
47. hxg5 f5+ 48. Ke3 Kd5 49. Kd3 Kc5 50. Kd2 Kd4 0-1

[Event "Jack Woodbury mem."]
[Site "Winnipeg CAN"]
[Date "2018.11.27"]
[Round "4.12"]
[White "Myrzaibraimova, Aibike"]
[Black "Leaden, Bruce"]
[Result "1-0"]
[WhiteElo "1419"]
[BlackElo "1519"]
[PlyCount "28"]
[EventDate "2018.11.06"]
[EventType "swiss"]
[EventRounds "7"]
[EventCountry "CAN"]

1. e4 e6 2. d4 d5 3. Nc3 c5 4. Be3 Nc6 5. Nf3 cxd4 6. Nxd4 Nxd4 7. Bxd4 Nf6 8.
exd5 Nxd5 9. Bc4 a6 10. O-O b5 11. Bxd5 exd5 12. Re1+ Be6 13. Qh5 Qd7 14. Nxd5
Rb8 1-0

[Event "Jack Woodbury mem."]
[Site "Winnipeg CAN"]
[Date "2018.11.27"]
[Round "4.14"]
[White "Ott, Richard"]
[Black "Magyar, Peter"]
[Result "0-1"]
[WhiteElo "1520"]
[BlackElo "1480"]
[PlyCount "94"]
[EventDate "2018.11.06"]
[EventType "swiss"]
[EventRounds "7"]
[EventCountry "CAN"]

1. d4 e6 2. c4 c5 3. Nf3 Nf6 4. Nc3 a6 5. Bg5 b6 6. e3 d6 7. Be2 Nbd7 8. O-O
Be7 9. Qc2 h6 10. Bf4 Bb7 11. Rad1 O-O 12. dxc5 Nxc5 13. Nd2 Qc7 14. b4 e5 15.
Bg3 Ne6 16. Nb3 Ng5 17. a3 Qc6 18. f3 Rad8 19. e4 Ne6 20. Nd5 Rfe8 21. Bh4 Nf4
22. Nxf4 exf4 23. Nd4 Qc8 24. Qd2 g6 25. Bxf6 Bxf6 26. Qxf4 Bg5 27. Qg3 a5 28.
Nb5 Be7 29. bxa5 bxa5 30. a4 Qc5+ 31. Kh1 Bf6 32. Rxd6 Rxd6 33. Qxd6 Be7 34.
Qxc5 Bxc5 35. Rd1 Bc6 36. Bd3 Kg7 37. Bc2 Kf6 38. Nc7 Rb8 39. Nd5+ Kg7 40. g3
Rb2 41. Rd2 Bxa4 42. Re2 Bb3 43. Bd3 Rxe2 44. Bxe2 a4 45. Nc3 a3 46. Kg2 Bb4
47. Na2 Bxa2 0-1

[Event "Jack Woodbury mem."]
[Site "Winnipeg CAN"]
[Date "2018.11.27"]
[Round "4.15"]
[White "Gannon, Keith"]
[Black "Trueman, Francis"]
[Result "1-0"]
[WhiteElo "1514"]
[BlackElo "1381"]
[PlyCount "61"]
[EventDate "2018.11.06"]
[EventType "swiss"]
[EventRounds "7"]
[EventCountry "CAN"]

1. e4 d6 2. d4 Nf6 3. Nc3 g6 4. Nf3 Bg7 5. Bd3 O-O 6. O-O Nbd7 7. Re1 e5 8. Be3
Re8 9. dxe5 dxe5 10. a3 a5 11. Bb5 c6 12. Bc4 Nf8 13. Ng5 Ne6 14. Qxd8 Rxd8 15.
Nxe6 Bxe6 16. Bxe6 fxe6 17. f3 h5 18. Bg5 Rf8 19. Na4 Rf7 20. Nc5 Nh7 21. Be3
Re8 22. Rad1 h4 23. h3 Nf6 24. Bg5 Nh5 25. Bxh4 Bh6 26. Rd8 Rxd8 27. Bxd8 Ng7
28. Bxa5 Bg5 29. Nd3 Bf6 30. Bc3 Bg5 31. Rb1 1-0